| 000 | 01171cam a22003495a 4500 | ||
|---|---|---|---|
| 001 | 3999698 | ||
| 005 | 20171119145954.0 | ||
| 008 | 961003r20031996stka frb 001 0 eng d | ||
| 010 | _a 96039210 | ||
| 020 | _a0443053723 | ||
| 020 | _a9780443053726 | ||
| 040 |
_aDNLM/DLC _beng _cDLC _dDLC _dEG-ScBUE |
||
| 082 | 0 | 4 |
_a617.645 _bAND _222 |
| 100 | 1 | _aAndlaw, R. J. | |
| 245 | 1 | 2 |
_aA manual of paediatric dentistry / _cR. J. Andlaw, W. P. Rock ; with illustrations by G. C. van Beek. |
| 246 | 3 | 0 | _aPaediatric dentistry |
| 250 | _a4th ed., Reprinted ed. | ||
| 260 |
_aNew York : _bChurchill Livingstone, _c2003. |
||
| 300 |
_a249 p. : _bill. ; _c25 cm. |
||
| 500 | _aRev. ed. of: A manual of paedodontics. 3rd ed. 1992. | ||
| 500 | _aReprint of the 1996 4 ed. | ||
| 504 | _aIncludes bibliographical references and index. | ||
| 650 | 7 |
_aPedodontics. _2BUEsh _939506 |
|
| 650 | 7 |
_aPediatric Dentistry _xmethods. _2BUEsh |
|
| 651 | _2BUEsh | ||
| 653 |
_bDDent _cNovember2017 |
||
| 655 |
_vReading book _934232 |
||
| 700 | 1 | _aRock, W. P. | |
| 700 | 1 |
_aAndlaw, R. J. _tManual of paedodontics. |
|
| 700 | 1 |
_aBeek, G. C. van, _eprinter of plates. |
|
| 942 | _2ddc | ||
| 999 |
_c25618 _d25590 |
||